000
00303nam a22001337a 4500
008
250318b |||||||| |||| 00| 0 eng d
020
_a
NIL
050
_a
HD30.22
_b
.D95
100
_a
DWIVEDDI, D . N
245
_a
Managerial Economics
260
_a
New Delhi
_b
NIL
_c
1994
300
_a
424p.
942
_c
BK
999
_c
2412
_d
2412